♫ "1 step forward, 3 steps back" - Lyrics - Olivia Rodrigo " - Statistics

General Stats
  • This quiz has been taken 21 times
  • The average score is 230 of 259
Answer Stats
Answer % Correct
a
100%
always
100%
and
100%
And
100%
back
100%
Do
100%
do
100%
forward
100%
I
100%
it
100%
it's
100%
It's
100%
love
100%
me
100%
me,
100%
me?
100%
of
100%
on
100%
one
100%
step
100%
steps
100%
the
100%
three
100%
you
100%
You
100%
you,
100%
your
100%
boy
94%
boy?
94%
Boy,
94%
don't
94%
hate
94%
I'm
94%
life
94%
Like,
94%
understand
94%
in
88%
make
88%
No,
88%
or
88%
to
88%
until
88%
want
88%
All
81%
all
81%
but
81%
'Cause
81%
did
81%
get
81%
Just
81%
kind
81%
kinda
81%
mad
81%
maybe,
81%
maybe
81%
so
81%
some
81%
that
81%
were
81%
crying?
75%
door
75%
ever
75%
find
75%
forth,
75%
home
75%
how
75%
is
75%
lover
75%
send
75%
this
75%
today
75%
today?
75%
up
75%
walk
75%
way
75%
which
75%
will
75%
Will
75%
ask
69%
Called
69%
exciting
69%
fault
69%
instead
69%
nerve
69%
normally
69%
phone
69%
something
69%
speak
69%
still
69%
struck
69%
was
69%
wrong?
69%
am
63%
Am
63%
everything
63%
fucked
63%
fun,
63%
give
63%
going
63%
got
63%
head,
63%
I'd
63%
leave
63%
much
63%
myself
63%
Never
63%
over
63%
power
63%
pretty?
63%
said
63%
Somehow,
63%
stuff
63%
doubted
56%
had
56%
masochistic
56%
rollercoaster's
56%
say
56%
I've
50%
Yeah,
50%
No matching quizzes found
Score Distribution
Percent of People with Each Score
Percentile by Number Answered
Your Score History
You have not taken this quiz